000 03610nab a2200301 i 4500
003 BR-BrBNA
005 20260227115815.0
008 260227b2017 bl.qr|pooa||| 00| 0 por |
040 _aBR-BrBNA
_bpor
072 _aF03
_b0130
100 _aMuraro, Dionei Schmidt
100 _aCutti, Luan
100 _aKulczynski, Stela Maris
100 _aBasso, Claudir José
100 _aPedroso, Douglas Siqueira
245 _aTeste de condutividade elétrica em sementes de painço (Panicum miliaceum L.)
500 _a Publicação online; 29 ref.; 3 tables; Summaries (En, Pt)
520 _a RESUMO - Entre os diversos testes de controle de qualidade de sementes, o de condutividade elétrica tem grande potencial para determinar a qualidade com rapidez e confiabilidade. Devido à escassez de informações na literatura referentes à metodologia do teste de condutividade elétrica para sementes de painço, neste trabalho o objetivo foi avaliar o teste de condutividade elétrica, considerando períodos de embebição, volumes de água e número de sementes, buscando estabelecer a metodologia mais adequada para a estratificação de lotes. O trabalho envolveu três experimentos: caracterização dos lotes; determinação do número de sementes x volumes de água à ser utilizado (25, 50, 75 e 100 sementes e 25, 50, 75 e 100 ml de água) e período de condicionamento (2, 4, 6, 8, 10, 12, 14, 16, 18, 20, 22 e 24 horas). Na caracterização, os lotes 1 e 4 foram definidos como os mais vigorosos entre todos avaliados. O teste de condutividade elétrica é eficiente para avaliação do potencial fisiológico de lotes de sementes de painço, sendo a estratificação possível utilizando-se 25 sementes, embebidas em 50 ml de água deionizada, por um período de 14 horas. Palavras-chave: estratificação de lotes; potencial fisiológico; vigor
520 _a ABSTRACT - Among the various quality control tests of seeds, the electrical conductivity test has great potential to determine seed quality quickly and reliably. Because of paucity of information in the literature regarding the methodology of the electrical conductivity test for proso millet seeds, this study aimed to evaluate the electrical conductivity test, with periods of imbibition, water volumes and number of seeds, seeking to establish the methodology more suitable for stratification of the lots. The work involves three experiments: characterization of the lots; determining the number of seeds x volumes of water to be used (25, 50, 75 and 100 seeds and 25, 50, 75, and 100 mL of water); and conditioning period (2, 4, 6, 8, 10, 12, 14, 16, 18, 20, 22 and 24 hours). The characterization of lots defined the Lot 1 and Lot 4 as the strongest among the lots evaluated. The electrical conductivity test was efficient to evaluate the physiological potential of lots of proso millet seeds. The stratification of the seed lots was possible using 25 seeds, imbibed in 50 mL of deionized water for a period of 14 hours. Key words: stratification of the lots; physiological potential; vigor
650 _aPAINÇO
650 _aTESTE DE SEMENTES
650 _aCONDUTIVIDADE ELÉTRICA
650 _aCONTROLE DE QUALIDADE
773 0 _04656
_9360402
_dRecife-PE Universidade Federal Rural de Pernambuco 2006
_o2026-0786
_tRevista Brasileira de Ciências Agrárias (Brazil)
_x1981-1160
_gv. 12(4) p. 490-495; (2017)
_wBR2025005612
856 _uhttp://www.agraria.pro.br/ojs32/index.php/RBCA/article/view/v12i4a5483/395
942 _cANA
999 _c340227
_d340227